Œuvres complètes de Théodore Agrippa d'Aubigné, (Record no. 22509)

MARC details
000 -LEADER
fixed length control field 02159cam a22002651 4500
001 - CONTROL NUMBER
control field f 01001017
003 - CONTROL NUMBER IDENTIFIER
control field DLC
005 - DATE AND TIME OF LATEST TRANSACTION
control field 20260227111239.0
008 - FIXED-LENGTH DATA ELEMENTS--GENERAL INFORMATION
fixed length control field 720623m18731892fr aceh b 000 0 fre
010 ## - LIBRARY OF CONGRESS CONTROL NUMBER
LC control number f 01001017
035 ## - SYSTEM CONTROL NUMBER
System control number (OCoLC)340099
040 ## - CATALOGING SOURCE
Original cataloging agency DLC
Transcribing agency ODaWU
Modifying agency OCoLC
-- DLC
042 ## - AUTHENTICATION CODE
Authentication code premarc
050 00 - LIBRARY OF CONGRESS CALL NUMBER
Classification number PQ1603
Item number .A16
100 1# - MAIN ENTRY--PERSONAL NAME
Personal name Aubigné, Agrippa d',
Dates associated with a name 1552-1630.
245 10 - TITLE STATEMENT
Title Œuvres complètes de Théodore Agrippa d'Aubigné,
Statement of responsibility, etc. pub. pour la première fois d'après les manuscrits originaux accompagnées de notices biograhique, littéraire & bibliographique, de variantes, d'un commentaire, d'une table des noms propres & d'un glossaire, par Eug. Réaume & F. de Caussade ...
260 ## - PUBLICATION, DISTRIBUTION, ETC.
Place of publication, distribution, etc. Paris,
Name of publisher, distributor, etc. A. Lemerre,
Date of publication, distribution, etc. 1873-92.
300 ## - PHYSICAL DESCRIPTION
Extent 6 v.
Other physical details front. (port.) illus. (plan) facsims.
Dimensions 21 cm.
500 ## - GENERAL NOTE
General note Title of v. 5-6 reads: "Œuvres complètes de Théodore Agrippa d'Aubigné, pub. pour la première fois d'après les manuscrits originaux par MM. Eug. Réaume et de Caussade, accompagnées de notices biographique, littéraire & bibliographique, de notes & variantes, d'une table des nomes propres & d'un glossaire, par A. Legouëz."
505 0# - FORMATTED CONTENTS NOTE
Formatted contents note t. 1. Introduction. Sa vie à ses enfants. Testament de Th. Agrippa d' Aubigné. Lettres. 1873.--t. 2. Traité sur les guerres civiles. Du debvoir mutuel des roys et des subjects. Le Caducee ou L'ange de paix. Méditations sur les Pseaumes. Confession catholique du sieur de Sancy. Les avantures du baron de Fæneste. Le divorce satyrique. Lettres diverses. 1877.--t. 3. Le printemps. Poésies. La création. 1874.--t. 4. Les tragiques. Discours par stances avec l'esprit du feu roy Henry Quatriesme. Sonnets épigrammatiques. Pièces épigrammatiques. Tombeaux du style de Sainct-Innocent. Appendices: Pièces tirées de sources diverses. 1877.--t. 5. Notice. I. Biographie. II. Appréciation littéraire. Bibliographie. Notes et variantes. 1891.--t. 6. Table des nomes de personnes. Glossaire. 1892.
600 10 - SUBJECT ADDED ENTRY--PERSONAL NAME
Personal name Aubigné, Agrippa d',
Dates associated with a name 1552-1630.
700 1# - ADDED ENTRY--PERSONAL NAME
Personal name Caussade, Françoise de,
Dates associated with a name 1841-1894,
Relator term joint ed.
700 1# - ADDED ENTRY--PERSONAL NAME
Personal name Réaume, Eugène,
Relator term ed.
700 1# - ADDED ENTRY--PERSONAL NAME
Personal name Legouëz, A.

No items available.

Powered by Koha